U.S. Brands Logo - Statistics

General Stats
  • This quiz has been taken 83 times
  • The average score is 34 of 44
Answer Stats
Picture Answer % Correct
Apple
100%
Nike
100%
Amazon
99%
Google
99%
Walt Disney
99%
Coca-Cola
97%
Starbucks
97%
Ford
96%
McDonald's
96%
Visa
93%
Facebook
92%
Pepsi
92%
FedEx
91%
Jeep
89%
Microsoft
89%
Spotify
89%
Mastercard
88%
Burger King
86%
Domino's Pizza
86%
KFC
86%
Subway
86%
Ebay
85%
Lays
85%
Sprite
85%
Target
84%
Tesla
84%
Pizza Hut
82%
Oreo
81%
Walmart
81%
Snickers
80%
Chevrolet
76%
UPS
76%
Hershey
65%
Intel
64%
NBC
64%
Dodge
62%
IBM
57%
American Express
47%
Cadillac
47%
Chrysler
43%
Buick
39%
Pontiac
32%
Lincoln
30%
Saturn
26%
No matching quizzes found
Score Distribution
Percent of People with Each Score
Percentile by Number Answered
Your Score History
You have not taken this quiz